000 00702nac a22002177a 4500
001 BR8703923
003 BR-BrBNA
005 20240105120519.0
008 230509b bl.|||m| |||| 00| 0 por d
040 _aBR-BrBNA
_bpor
_cBiblioteca Nacional de Agricultura
072 _aL70
090 _aL70 BR8703923
110 1 _aInstituto Estadual de Saude Animal, Belo Horizonte, MG (Brasil)
_96338
245 1 _aBoletim do IESA [Instituto Estadual de Saude Animal, Minas Gerais]
260 3 _aBelo Horizonte, MG (Brasil):
_c1982.
300 _a68 p.
490 _aBoletim do IESA (Brazil)
_vv. 1(1)
_x
650 _aVETERINARIA
909 _a202312
_bLúcia Elande
_c55
_dLúcia Elande
942 _2AGRIS
_n0
_cMS
999 _c279886
_d279886